Quizzes
Events
Quiz Creation
Community
Videos
Private Events
Remove Ads
Sign In
Join for FREE
Feedback
Dark Mode
Quiz Categories
Sports
Geography
Music
Movies
Television
Just For Fun
Miscellaneous
History
Literature
Language
Science
Gaming
Entertainment
Religion
Holiday
For Kids
Quiz Lab
Recent
Popular Today
Quiz Kudos Today
Editor Picks
Curator Picks
Quizzes by...
Day
Popularity
Type
Ratings
Length
Year
Community
Subscriptions
Recent Discussions
Orange Saloon
Badges
Playlists
Quests
Create
Leaderboards
Showdown
Live 5
Trivia Bingo
Activity
Puzzle Library
Sporcle Events
Private Events
Virtual Trivia
Globe League
Become a Host
Pub Owners
SporcleCon
Opinionation
Our Games
Videos
Blog
Mobile Apps
Partnerships
Remove Ads and Go Orange
Feedback
Literature
Harry Potter
A Song of Ice and Fire
The Hunger Games
Literary Character
Shakespeare
Book
Author
Novel
Poem
Young Adult
Children's Books
Play
Lord of the Rings
Literature
Harry Potter
A Song of Ice and Fire
The Hunger Games
Literary Character
Shakespeare
Book
Author
Novel
Poem
Young Adult
Children's Books
Play
Lord of the Rings
Random Quiz
Search Sporcle
×
Quiz Lab
Quiz Lab
Literature
Book
Type in answers that appear in a list
Type in answers that appear in a list
Classic
Best Score? Go Orange.
Edge Chronicles Villains Stats
Can you name the villains from every book in The Edge Chronicles?
By
oracle93
6m
32 Questions
259 Plays
259 Plays
259 Plays
Comments
Comments
Give Quiz Kudos
Give Quiz Kudos
-
- Ratings
hide this ad
Replay
Link that replays current quiz
Next Quiz
Link to next quiz in quiz playlist
You Got
0%
They Got
Avg Score
22%
Avg Friend Score
Upgrade to see
Score Distribution
Jump to the score distribution portion of the page
Score
0/32
Timer
06:00
0
Plays Today
Book
Villain
% Correct
Beyond the Deepwoods, The Curse of the Gloamglozer, The Immortals
Gloamglozer
86.1%
Vox
Vox Verlix
49%
Stormchaser, The Winter Knights
Vilnix Pompolnius
40.5%
Beyond the Deepwoods, Stormchaser
Mugbutt
37.5%
Stormchaser
Screed Toe-Taker
36.3%
The Last of the Sky Pirates, Vox
Orbix Xaxis
31.7%
Beyond the Deepwoods, Stormchaser
Slyvo Spleethe
31.3%
Clash of the Sky Galleons
Thaw Daggerslash
26.3%
Midnight Over Sanctaphrax
Thunderbolt Vulpoon
24.3%
Clash of the Sky Galleons
Turbot Smeal
23.9%
The Last of the Sky Pirates, Freeglader
Hemuel Spume
21.6%
Vox, Freeglader
Amberfuce
20.1%
The Winter Knights
Daxiel Xaxis
20.1%
The Curse of the Gloamglozer
Bagswill
19.3%
The Immortals
Golderayce One-Eye
18.9%
The Curse of the Gloamglozer
Seftus Leprix
18.5%
Book
Villain
% Correct
The Winter Knights
Hax Vostillix
18.1%
Clash of the Sky Galleons
Ruptus Pentephraxis
18.1%
Vox
General Tytugg
17.8%
Midnight Over Sanctaphrax
Mother Muleclaw I
17.4%
Vox
Mother Muleclaw II
16.2%
Freeglader
Mother Muleclaw III
15.4%
The Immortals
Branxford Drew
15.4%
Clash of the Sky Galleons
Imbix Hoth
14.3%
The Immortals
Grint Grayle
14.3%
The Immortals
Felftis Brack
14.3%
Freeglader
Hemtuft Battleaxe
13.1%
The Immortals
Kulltuft Warhammer
13.1%
Vox
Mollus Leddix
11.2%
The Winter Knights
Heft Vespius
11.2%
Stormchaser
Simenon Xintax
9.3%
The Immortals
Quove Lentis
8.1%
Quiz Playlist
Details
Report
Send in Message
Add To Playlist
Classic:
Type in answers that appear in a list
Last Updated: Feb 16, 2017
Quiz Scoreboard
CHALLENGE
Sign Up to Join the Scoreboard
Show All
Scores
Hide
Comments
May contain spoilers
Recently Published
Pick 6: Fruits
by JohnFran
Miscellaneous
15s
Click the 1999 NBA Draft
by nibperrychub
Sports
2m
Alphabetical 'K' Countries by Flag Minefield
by ylime102
Geography
3m
More to Explore
Quiz From the Vault
Featured Blog Post
15 Basketball Trivia Facts You Can Be March Mad About
hide this ad
You Might Also Like...
Tags
Book Quiz
chronicle
Edge
U2 Band
Villains
Today's Top Quizzes in Literature
Browse Literature
hide this ad
Today's Top Quizzes in Book
Browse Book
Top Contributed Quizzes in Literature
1
4-to-1 Blitz: Harry Potter
2
Pick 3: Harry Potter Hogwarts Quidditch Players
3
percy jackson logic puzzle
4
Jane Eyre Character Quotes
5
Season Plays
6
Harry Potter: Partnered Harry Trio Venn Diagram
7
Harry Potter Logic Quiz New
8
Cosmere Minesweeper
9
Literature Acrostic Puzzle
10
Percy Jackson Logic Puzzle (Hard!)
Explore More
Trending Topics
Crossword
Harry Potter
Kpop
NBA
Marvel
Disney
Anime
The Office
Soccer
Pokémon
Country
Puzzle
NFL
Song
WWE
hide this ad
More By:
oracle93
Quiz
Plays
Rating
Category
Featured
Created
A Song of Ice and Fire name chain (contains SPOILERS)
7,119
2.43
Literature
Feb 9, 2012
Name of the Wind: Kvothe's Introduction
1,229
5.00
Literature
Jan 11, 2013
Final Fantasy IX Bosses
287
4.50
Gaming
Dec 13, 2010
Edge Chronicles Villains
259
5.00
Literature
Jun 21, 2010
Final Fantasy V Bosses
135
2.20
Gaming
Dec 13, 2010
Go to Creator's Profile
Score Distribution
Quiz Creator Spotlight
oracle93
Follow
Send a Message
Quizzes Created
-
Created Quiz Play Count
-
More By This Creator
Popular Quizzes Today
1
Find the US States - No Outlines Minefield
2
Countries of Asia Without Outlines Minefield
3
Pick 6: Fruits
4
The Countries of the World
5
Alphabetical 'K' Countries by Flag Minefield
6
Find the US States
7
Match the Book to the Film X
8
Click the 1999 NBA Draft
More Literature Quizzes
Jack Kerouac Novels
Published
Trending Quizzes
Pick 6: Harry Potter
Pick 6: Mountains
Pick 6: NFL Teams
Pick 6: Movie Franchises
Pick 6: Golfers
Recently Updated
Women's Final Four Teams by Year
bhenderson79
Presidents Quartet II
eogle
Anything But Clue(do)
eogle
Anything But Oceanian Capitals
eogle
Anything But 7
eogle
Anything But Thing
eogle
Word Ladder: February 29
pecheneg
Song Title Questions
pecheneg
Women's NCAA Tournament #1 Seeds
pecheneg
Celebrity Mug Shots
pecheneg
Trending Topics
Crossword
Marvel
Kpop
Disney
NBA
Harry Potter
Anime
Pokémon
Puzzle
The Office
Soccer
Country
NFL
WWE
Song
Your Account Isn't Verified!
In order to create a playlist on Sporcle, you need to verify the email address you used during registration. Go to your
Sporcle Settings
to finish the process.
Report this User
Report this user for behavior that violates our
Community Guidelines
.
Details:
Send Report
Go to the Sporcle.com Mobile Site →
Comments